Segunda memoria anual : leída en Junta General celebrada el día 30 de Diciembre de 1903, en el local del Colegio del Arte Mayor de la Seda de Barcelona / Sociedad Fomento de la Sericicultura Española leída en Junta General celebrada el día 30 de Diciembre de 1903, en el local del Colegio del Arte Mayor de la Seda de Barcelona / Sociedad Fomento de la Sericicultura Española
Descripción Física:
14 p. ; 20 cm
Materias:
Fomento de la Sericicultura Española
MARC
| LEADER | 00000nam a2200000Ia 4500 | ||
|---|---|---|---|
| 001 | 20763 | ||
| 008 | 160829s1904 xx 000 0 cat d | ||
| 080 | |a 1946, exp. 14 | ||
| 110 | 2 | |a Fomento de la Sericicultura Española |9 55080 | |
| 245 | |a Segunda memoria anual : |b leída en Junta General celebrada el día 30 de Diciembre de 1903, en el local del Colegio del Arte Mayor de la Seda de Barcelona / Sociedad Fomento de la Sericicultura Española | ||
| 260 | |a Barcelona : |b Imprenta de Francisco J. Altés y Alabart, |c 1904 | ||
| 300 | |a 14 p. ; |c 20 cm | ||
| 650 | |a Fomento de la Sericicultura Española | ||
| 901 | |a Arxiu | ||
| 942 | |n 1 | ||
| 952 | |0 0 |1 0 |4 0 |6 1946_EXP_14 |7 1 |9 54342 |a Arxiu |b Arxiu |d 2016-12-01 |l 0 |o 1946, exp. 14 |p 20763 |r 2016-12-01 00:00:00 |w 2016-12-01 |y ARXIU | ||
| 999 | |c 58211 |d 58211 | ||